| 000 | 00595nam a22001817a 4500 | ||
|---|---|---|---|
| 005 | 20251003101814.0 | ||
| 008 | 251001b |||||||| |||| 00| 0 eng d | ||
| 020 | _a9788183766913 | ||
| 082 | _aDC 327 Si649 2025 | ||
| 100 |
_aSinha, Ankit. _968277 |
||
| 245 |
_aInternational relations and global politics / _cAnkit Sinha. |
||
| 260 |
_aIndia : _bABD Publishers, _c©2025. |
||
| 300 |
_avii, 256 pages : _billustrations ; _c23 cm. |
||
| 500 | _aIncludes references, bibliography, and index. | ||
| 650 | 0 |
_aInternational relations. _968424 |
|
| 650 | 0 |
_aWorld politics. _968426 |
|
| 942 |
_2ddc _cDC |
||
| 999 |
_c23924 _d23924 |
||